All 2012 ATP Tournament Finals - Statistics

General Stats
  • This quiz has been taken 16 times
  • The average score is 84 of 132
Answer Stats
Tournament Category Finalists % Correct
F Andy Murray
100%
US Open Grand Slam W Andy Murray
100%
F Andy Murray
100%
F Andy Murray
100%
London Olympics W Andy Murray
100%
F Andy Murray
100%
Brisbane ATP 250 W Andy Murray
100%
Australian Open Grand Slam W Novak Djokovic
100%
F Novak Djokovic
100%
F Novak Djokovic
100%
Miami Masters 1000 W Novak Djokovic
100%
F Novak Djokovic
100%
F Novak Djokovic
100%
Toronto Masters 1000 W Novak Djokovic
100%
F Novak Djokovic
100%
Shanghai Masters 1000 W Novak Djokovic
100%
London ATP Finals W Novak Djokovic
100%
Beijing ATP 500 W Novak Djokovic
100%
F Rafael Nadal
100%
Roland Garros Grand Slam W Rafael Nadal
100%
Monte Carlo Masters 1000 W Rafael Nadal
100%
Rome Masters 1000 W Rafael Nadal
100%
Barcelona ATP 500 W Rafael Nadal
100%
Wimbledon Grand Slam W Roger Federer
100%
Indian Wells Masters 1000 W Roger Federer
100%
Madrid Masters 1000 W Roger Federer
100%
Cincinnati Masters 1000 W Roger Federer
100%
F Roger Federer
100%
F Roger Federer
100%
Rotterdam ATP 500 W Roger Federer
100%
Dubai ATP 500 W Roger Federer
100%
F Roger Federer
100%
F Roger Federer
100%
F Tomáš Berdych
92%
Montpellier ATP 250 W Tomáš Berdych
92%
F Tomáš Berdych
92%
Stockholm ATP 250 W Tomáš Berdych
92%
F John Isner
83%
F John Isner
83%
Newport ATP 250 W John Isner
83%
Winston-Salem ATP 250 W John Isner
83%
F Jo-Wilfried Tsonga
83%
Doha ATP 250 W Jo-Wilfried Tsonga
83%
Metz ATP 250 W Jo-Wilfried Tsonga
83%
F Jo-Wilfried Tsonga
83%
Eastbourne ATP 250 W Andy Roddick
75%
Atlanta ATP 250 W Andy Roddick
75%
Paris Masters 1000 W David Ferrer
75%
Acapulco ATP 500 W David Ferrer
75%
F David Ferrer
75%
Valencia ATP 500 W David Ferrer
75%
Auckland ATP 250 W David Ferrer
75%
Buenos Aires ATP 250 W David Ferrer
75%
's-Hertogenbosch ATP 250 W David Ferrer
75%
Båstad ATP 250 W David Ferrer
75%
F Marin Čilić
75%
Queen's Club ATP 250 W Marin Čilić
75%
Umag ATP 250 W Marin Čilić
75%
F Milos Raonic
75%
F Milos Raonic
75%
Chennai ATP 250 W Milos Raonic
75%
San Jose ATP 250 W Milos Raonic
75%
F Richard Gasquet
75%
F Richard Gasquet
75%
Bangkok ATP 250 W Richard Gasquet
75%
F Gaël Monfils
67%
F Gaël Monfils
67%
F Janko Tipsarević
67%
Stuttgart ATP 250 W Janko Tipsarević
67%
F Janko Tipsarević
67%
F Juan Martín del Potro
67%
Basel ATP 500 W Juan Martín del Potro
67%
Marseille ATP 250 W Juan Martín del Potro
67%
Oeiras ATP 250 W Juan Martín del Potro
67%
Vienna ATP 250 W Juan Martín del Potro
67%
Tokyo ATP 500 W Kei Nishikori
67%
F Lleyton Hewitt
67%
F Fabio Fognini
58%
F Fabio Fognini
58%
São Paulo ATP 250 W Nicolás Almagro
58%
F Nicolás Almagro
58%
Nice ATP 250 W Nicolás Almagro
58%
F Nicolás Almagro
58%
Los Angeles ATP 250 W Sam Querrey
58%
F Tommy Haas
58%
F Tommy Haas
58%
Halle ATP 250 W Tommy Haas
58%
F David Nalbandian
50%
F Fernando Verdasco
50%
F Jerzy Janowicz
50%
Hamburg ATP 500 W Juan Mónaco
50%
Viña del Mar ATP 250 W Juan Mónaco
50%
Houston ATP 250 W Juan Mónaco
50%
F Juan Mónaco
50%
Kuala Lumpur ATP 250 W Juan Mónaco
50%
Munich ATP 250 W Philipp Kohlschreiber
50%
F Philipp Kohlschreiber
50%
Belgrade ATP 250 W Andreas Seppi
42%
F Andreas Seppi
42%
F Andreas Seppi
42%
Moscow ATP 250 W Andreas Seppi
42%
Bucharest ATP 250 W Gilles Simon
33%
F Gilles Simon
33%
Sydney ATP 250 W Jarkko Nieminen
33%
F Julien Benneteau
33%
F Julien Benneteau
33%
Memphis ATP 500 W Jürgen Melzer
33%
F Gilles Müller
25%
St. Petersburg ATP 250 W Martin Kližan
25%
Zagreb ATP 250 W Mikhail Youzhny
25%
Casablanca ATP 250 W Pablo Andújar
25%
Kitzbühel ATP 250 W Robin Haase
25%
Washington ATP 500 W Alexandr Dolgopolov
17%
F Alexandr Dolgopolov
17%
F Alexandr Dolgopolov
17%
Delray Beach ATP 250 W Kevin Anderson
17%
F Marcel Granollers
17%
F Michaël Llodra
17%
F Benoît Paire
8%
F Carlos Berlocq
8%
F Denis Istomin
8%
F Filippo Volandri
8%
F Philipp Petzschner
8%
Gstaad ATP 250 W Thomaz Bellucci
8%
F Thomaz Bellucci
8%
F Albert Ramos Viñolas
0%
F Brian Baker
0%
F Grega Žemlja
0%
F Lukáš Lacko
0%
F Marinko Matosevic
0%
F Olivier Rochus
0%
F Ričardas Berankis
0%
No matching quizzes found
Score Distribution
Percent of People with Each Score
Percentile by Number Answered
Your Score History
You have not taken this quiz